000 00710nam a2200241 i 4500
001 4105927
003 OSt
005 20150706114344.0
008 770225s1973 ke b 001 0 eng
010 _a 74980023
040 _aDDC
_cDDC
_dDDC
043 _afe-----
050 0 0 _aLAW
082 0 0 _a346.086 BYA
100 1 _aByamugisha, Joseph B.
_95808
245 1 0 _aInsurance law in East Africa /
_cJ. B. Byamugisha.
260 _aNairobi :
_bEast African Literature Bureau,
_c1973.
300 _axv, 218 p. ;
_c22 cm.
504 _aIncludes bibliographical references and index.
650 0 _aInsurance law
_zAfrica, East.
_95809
906 _a7
_bcbc
_corignew
_d4
_encip
_f19
_gy-gencatlg
942 _2ddc
_cBK
999 _c4812
_d4812